000 00319nam a22001457a 4500
008 210507b ||||| |||| 00| 0 eng d
020 _a9780130851482
041 _aeng
080 _26th
_a34
082 _a34
100 _a16
101 _aJUR
245 _aCriminal Justice Today
_cSchmalleger,F
942 _2udc
_cBK
999 _c57104
_d57104